<?xml version="1.0" encoding="UTF-8"?>
<record
    xmlns:xsi="http://www.w3.org/2001/XMLSchema-instance"
    xsi:schemaLocation="http://www.loc.gov/MARC21/slim http://www.loc.gov/standards/marcxml/schema/MARC21slim.xsd"
    xmlns="http://www.loc.gov/MARC21/slim">

  <leader>00458nam a22000977a 4500</leader>
  <datafield tag="999" ind1=" " ind2=" ">
    <subfield code="c">38746</subfield>
    <subfield code="d">38746</subfield>
  </datafield>
  <datafield tag="082" ind1=" " ind2=" ">
    <subfield code="a">RQ.0007</subfield>
  </datafield>
  <datafield tag="100" ind1=" " ind2=" ">
    <subfield code="a">Rao, Allu Gowri Sankar</subfield>
    <subfield code="u">Acharya Nagarjuna University</subfield>
    <subfield code="v">Guntur, Andhra Pradesh</subfield>
  </datafield>
  <datafield tag="245" ind1=" " ind2=" ">
    <subfield code="a">Women Empowerment Through self- help Groups (SHGS) in Andhra Pradesh:</subfield>
    <subfield code="b">A study</subfield>
    <subfield code="c">By Allu Gowri Sankar Rao</subfield>
  </datafield>
  <datafield tag="650" ind1=" " ind2=" ">
    <subfield code="a">Mutual help support groups</subfield>
    <subfield code="a">Human females</subfield>
    <subfield code="v">Teacher work groups</subfield>
    <subfield code="x">Group counseling</subfield>
    <subfield code="x">Working class women</subfield>
    <subfield code="z">India</subfield>
    <subfield code="z">Andhra Pradesh</subfield>
  </datafield>
  <datafield tag="942" ind1=" " ind2=" ">
    <subfield code="2">ddc</subfield>
    <subfield code="c">RP</subfield>
  </datafield>
  <datafield tag="952" ind1=" " ind2=" ">
    <subfield code="0">0</subfield>
    <subfield code="1">0</subfield>
    <subfield code="4">0</subfield>
    <subfield code="7">0</subfield>
    <subfield code="a">NASSDOC</subfield>
    <subfield code="b">NASSDOC</subfield>
    <subfield code="d">2024-04-05</subfield>
    <subfield code="l">0</subfield>
    <subfield code="o">RQ.0007</subfield>
    <subfield code="p">53792</subfield>
    <subfield code="r">2024-04-05 00:00:00</subfield>
    <subfield code="w">2024-04-05</subfield>
    <subfield code="y">RP</subfield>
  </datafield>
</record>
